Wild flowers of the world (Record no. 366545)
[ view plain ]
| 000 -LEADER | |
|---|---|
| fixed length control field | 003300000a22001450004500 |
| 060 ## - NATIONAL LIBRARY OF MEDICINE CALL NUMBER | |
| Classification number | 100 |
| 082 ## - DEWEY DECIMAL CLASSIFICATION NUMBER | |
| Classification number | 582.13 MOR |
| 100 ## - MAIN ENTRY--PERSONAL NAME | |
| Personal name | Morley, Briand D |
| 245 ## - TITLE STATEMENT | |
| Title | Wild flowers of the world |
| 260 ## - PUBLICATION, DISTRIBUTION, ETC. (IMPRINT) | |
| Place of publication, distribution, etc. | London, Ebury Press and michael Joseph |
| 260 ## - PUBLICATION, DISTRIBUTION, ETC. (IMPRINT) | |
| Date of publication, distribution, etc. | 1970 |
| 300 ## - PHYSICAL DESCRIPTION | |
| Extent | 432 |
| 650 ## - SUBJECT ADDED ENTRY--TOPICAL TERM | |
| Topical term or geographic name as entry element | Wild flowers- world |
| 942 ## - ADDED ENTRY ELEMENTS (KOHA) | |
| Koha item type | Books (General) |
| Withdrawn status | Lost status | Source of classification or shelving scheme | Damaged status | Not for loan | Collection code | Home library | Current library | Shelving location | Date acquired | Total Checkouts | Full call number | Barcode | Date last seen | Price effective from | Koha item type |
|---|---|---|---|---|---|---|---|---|---|---|---|---|---|---|---|
| Dewey Decimal Classification | Reference Book | College of Agriculture, Vellayani | College of Agriculture, Vellayani | Reference | 02/05/2014 | 582.13 MOR | KAU_COAV-8383 | 02/05/2014 | 02/05/2014 | Reference Book |
